000 01219nam a2200313Ia 4500
001 ebr10042814
003 CaPaEBR
006 m u
007 cr cn|||||||||
008 030912s2003 maua s 001 0 eng d
020 _z1931836817
040 _aCaPaEBR
_cCaPaEBR
035 _a(OCoLC)70759158
050 1 4 _aQA76.76.C68
_bC66 2003eb
082 0 4 _a005.8
_221
245 0 0 _aConfiguring Symantec Antivirus, Corporate Edition
_h[electronic resource] /
_cLaura E. Hunter ... [et al.] ; Robert J. Shimonski, technical editor.
260 _aRockland, Mass. :
_bSyngress,
_cc2003.
300 _axxxiii, 717 p. :
_bill.
500 _aIncludes index.
533 _aElectronic reproduction.
_bPalo Alto, Calif. :
_cebrary,
_d2009.
_nAvailable via World Wide Web.
_nAccess may be limited to ebrary affiliated libraries.
650 0 _aComputer viruses.
650 0 _aComputer security.
650 0 _aComputer networks
_xSecurity measures.
655 7 _aElectronic books.
_2local
700 1 _aHunter, Laura E.
700 1 _aShimonski, Robert.
710 2 _aebrary, Inc.
856 4 0 _uhttp://site.ebrary.com/lib/rucke/Doc?id=10042814
_zAn electronic book accessible through the World Wide Web; click to view
999 _c168485
_d168485